Langues les plus parlées en Italie - Statistiques

Statistiques générales
  • Ce quiz a été pris 241 fois
  • Le résultat moyen est 7 sur 10
Statistiques - réponses
% Langue % Correct
97,4 Italien
100%
8,5 Français
99%
13,7 Anglais
95%
6,6 Espagnol
93%
2,1 Allemand
87%
0,7 Arabe
84%
0,4 Croate
48%
0,3 Slovène
41%
0,3 Roumain
40%
1 Basque
2%
Aucun quiz correspondant
Distribution des résultats
% des personnes avec chaque résultat
Percentile par nombre de réponses
Votre historique - résultats
Vous n’avez pas pris ce quiz